| 000 | 00000nam##2200000za#4500 |
| 001 | 9.570625 |
| 003 | CaOODSP |
| 005 | 20210624182330 |
| 007 | cr ||||||||||| |
| 008 | 150406|1994||||xxc|||||o f|0| 0 eng|d |
| 040 | |aCaOODSP|beng |
| 043 | |an-cn--- |
| 086 | 1 |aC21-24/2-1994E-PDF |
| 110 | 1 |aCanada.|bIndustry Canada. |bMicro-Economic Analysis Directorate. |
| 245 | 10|aCanadian-based multinationals : |h[electronic resource]|ban analysis of activities and performance / |cby Industry Canada, Micro-Economic Policy Analysis staff, including Someshwar Rao, Marc Legault and Ashfaq Ahmad. |
| 260 | |aOttawa - Ontario : |bIndustry Canada. |cJuly 1994. |
| 300 | |a110p.|bgraphs, tables |
| 490 | 1 |aWorking paper series|vNo. 2 |
| 504 | |aBibliography. |
| 590 | |a12-10-Supp|b2012-03-23 |
| 720 | 1 |aRao, Someshwar |
| 720 | 1 |aAhmad, Ashfaq |
| 720 | 1 |aLegault, Marc |
| 775 | 08|tLes multinationales canadiennes : |w(CaOODSP)9.601274 |
| 830 | #0|aWorking paper series ;|vNo. 2|w(CaOODSP)9.504711 |
| 856 | 40|ahttp://publications.gc.ca|qPDF|s1.93 MB|uhttps://publications.gc.ca/collections/collection_2011/ic/C21-24-2-1994-eng.pdf|yNo. 2 |